Sex differences in prevalence rates and predictors of cigarette smoking among in-school adolescents in Kilimanjaro, Tanzania (Record no. 32695)

MARC details
000 -LEADER
fixed length control field 00884nam a2200181 a 4500
008 - FIXED-LENGTH DATA ELEMENTS--GENERAL INFORMATION
fixed length control field 121210s2007 ||||||||||||||||| || u
050 ## - LIBRARY OF CONGRESS CALL NUMBER
Classification number PAPERS/STAFF
100 ## - MAIN ENTRY--PERSONAL NAME
Personal name Siziya, Seter
245 10 - TITLE STATEMENT
Title Sex differences in prevalence rates and predictors of cigarette smoking among in-school adolescents in Kilimanjaro, Tanzania
Statement of responsibility, etc. by Seter Siziya; [and others]
260 ## - PUBLICATION, DISTRIBUTION, ETC.
Place of publication, distribution, etc. Lusaka:
Name of publisher, distributor, etc. University of Zambia, School of Medicine
Date of publication, distribution, etc. 2007
300 ## - PHYSICAL DESCRIPTION
Extent p.190 - p.195: ill.
490 ## -
-- Tanzania Health Research Bulletin
490 ## -
-- Vol. 9, No. 3
500 ## - GENERAL NOTE
General note Bibliography
650 ## - SUBJECT ADDED ENTRY--TOPICAL TERM
Topical term or geographic name entry element SEX DIFFERENCES--CIGARETTE SMOKING--ADOLESCENTS--TANZANIA
650 ## - SUBJECT ADDED ENTRY--TOPICAL TERM
Topical term or geographic name entry element SEX DIFFERENCES--CIGARETTE SMOKING IN-SCHOOL ADOLESCENTS--KILIMANJARO, TANZANIA
995 ## -
-- SPECIAL COLLECTIONS
-- 353
-- CBU-SCHOOL OF MEDICINE LIBRARY (Ndola)
-- PAPERS/STAFF/SIZIYA
-- 1
-- AVAILABLE
-- Dec 10, 2012
-- B353
-- Zambiana Collection
999 ## -
-- 32695
-- 32695
Holdings
Withdrawn status Lost status Source of classification or shelving scheme Damaged status Not for loan Permanent Location Current Location Shelving location Date acquired Total Checkouts Full call number Barcode Date last seen Price effective from Koha item type
          CBU-SCHOOL OF MEDICINE LIBRARY, NDOLA. CBU-SCHOOL OF MEDICINE LIBRARY, NDOLA.   11/30/2022   PAPERS/STAFF B353 11/30/2022 11/30/2022 MONOGRAPH